Run Movies! Run! (Slideshow) Quiz Stats

 Plays Quiz not verified by Sporcle

Score 0/25 Timer 07:00
0 Plays Today
% Correct
Toy Story 3
96.9%
Batman (1966)
96.3%
Pirates of the Caribbean: Dead Man's Chest
96.1%
Forrest Gump
95.5%
Jurassic Park
95%
Raiders of the Lost Ark
93.9%
Rocky
93.6%
The Hobbit: An Unexpected Journey
93%
Alice in Wonderland
92.7%
Star Wars: The Force Awakens
91.4%
The Hunger Games
89.7%
The Bourne Ultimatum
88.6%
Spectre
87.2%
% Correct
The Matrix Revolutions
87.1%
Avengers: Age of Ultron
85.7%
Mission: Impossible - Rogue Nation
79.8%
X-Men: Days of Future Past
77.3%
North by Northwest
74.9%
Silver Linings Playbook
72.9%
Creed
72.4%
Chariots of Fire
72.1%
Edge of Tomorrow
61.5%
Run Lola Run
60.6%
Oblivion
56.5%
Run Fatboy Run
41.9%

You're not logged in!

Compare scores with friends on all Sporcle quizzes.
OR
Log In

Sporcle TV

Today on Sporcle TV


Watch our educational content, quiz creation guides, and fun videos on Sporcle TV.

Show Comments

Extras

Top Quizzes Today


Score Distribution

Your Account Isn't Verified!

In order to create a playlist on Sporcle, you need to verify the email address you used during registration. Go to your Sporcle Settings to finish the process.

Report this User

Report this user for behavior that violates our Community Guidelines.

Details: